| 000 | 00871nam a2200229 4500 | ||
|---|---|---|---|
| 003 | PILC | ||
| 005 | 20150508161832.0 | ||
| 008 | 030815s2003 ph 000|0 eng | ||
| 020 | _a9712712664 | ||
| 050 | 0 | 0 |
_aPE1478 _b.M35 2003 |
| 100 | 1 |
_aManlapaz, Edna Zapanta, _d1943- |
|
| 245 | 1 | 4 |
_aThe Anvil guide to research paper writing : _ba step-by-step guide / _cEdna Zapanta Manlapaz, Ma. Eloisa N. Francisco, Romeo L. Manlapaz. |
| 250 | _a3rd ed. | ||
| 260 |
_aPasig City : _bAnvil Pub., _c2003. |
||
| 300 |
_axi, 233 p. : _bill. ; _c27 cm. |
||
| 500 | _aPreviously published as: The college research paper : a step-by-step guide to term paper writing for Filipino students. | ||
| 650 | 0 | _aReport writing. | |
| 700 | 1 | _aFrancisco, Ma. Eloisa N. | |
| 700 | 1 | _aManlapaz, Romeo L. | |
| 740 | 0 | _aThe college research paper. | |
| 942 |
_2lcc _cBK _e3rd _mPE1478 .M279 2003 |
||
| 999 |
_c283918 _d283918 |
||